header

British policy in Mesopotamia, 1903-1914 (Record no. 69536)

MARC details
000 -LEADER
fixed length control field 01507nam a2200385 a 4500
082 04 - DEWEY DECIMAL CLASSIFICATION NUMBER
Classification number 327.567/404109041
100 1# - MAIN ENTRY--AUTHOR NAME
Personal name Cohen, Stuart,
245 10 - TITLE STATEMENT
Title British policy in Mesopotamia, 1903-1914
250 ## - EDITION STATEMENT
Edition statement 1st pbk. ed.
260 ## - PUBLICATION, DISTRIBUTION, ETC. (IMPRINT)
Place of publication Reading, UK :
Name of publisher Ithaca Press,
Year of publication c2008.
300 ## - PHYSICAL DESCRIPTION
Number of Pages xiii, 265 p. :
Other physical details maps.
500 ## - GENERAL NOTE
General note First published in 1976.
856 40 - ELECTRONIC LOCATION AND ACCESS
Uniform Resource Identifier http://site.ebrary.com/lib/rucke/Doc?id=10302849

No items available.

© 2026 Rongo University
Contact us: librarian | system librarian | Rongo university